00459cam a2200121 i 4500020002600000100001400026245016000040250001100200260003400211300003700245490001700282500003800299 a9789869858946cNT$3601 a駱郁芬10a爸媽不用忍的正向教養 :b改掉頂嘴、動作慢、依賴、行為退化、缺乏成就動機......的免爆氣親子對話範本 /c駱郁芬著 a初版 a臺北市 :b任性,c2020.09 a287 面 :b圖, 表 ;c23 公分0 aissue ;v18. a附錄 : 兒童發展專業資源